000 00729cam a22002771 4500
999 _c10253
_d10253
001 10253
003 BD-JhCC
005 20180520130006.0
008 180421s1963 mau 000 0 eng
035 _a(BD-JhCC)10253
035 _a(OCoLC)1075319
040 _aDLC
_cOTU
_dOCoLC
_dDLC
_dBD-JhCC
041 _aeng
050 0 0 _aPE1478
_b.P8 1963
082 _a808.06
_bPUG 1963
100 1 _aPugh, Griffith Thompson,
_d1908-
245 1 0 _aGuide to research writing /
_cGriffith Thompson Pugh,
250 _a2d ed.
260 _aBoston :
_bHoughton Mifflin,
_c1963.
300 _a56 p.
_c25 cm.
650 0 _aReport writing.
650 0 _aResearch.
740 0 _aResearch writing.
942 _2ddc
_cBK